Nghiên cứu xây dựng mô hình mô phỏng mùi từ các bãi chôn lấp chất thải sinh hoạt : Báo cáo tổng kết đề tài Khoa học Công nghệ cấp trường

में बचाया:
ग्रंथसूची विवरण
मुख्य लेखक: Lương, Văn Việt
स्वरूप: Đề tài khoa học
भाषा:Undetermined
प्रकाशित: Trường Đại học Công nghiệp Tp. Hồ Chí Minh 2017
विषय:
टैग : टैग जोड़ें
कोई टैग नहीं, इस रिकॉर्ड को टैग करने वाले पहले व्यक्ति बनें!
Thư viện lưu trữ: Trung tâm Thư viện - Trường Đại học Công nghiệp TP. Hồ Chí Minh
LEADER 00760nam a2200157Ia 4500
001 UIH_00622
008 230809s9999 xx 000 0 und d
082 |a 628.4 
100 |a Lương, Văn Việt 
245 0 |a Nghiên cứu xây dựng mô hình mô phỏng mùi từ các bãi chôn lấp chất thải sinh hoạt : Báo cáo tổng kết đề tài Khoa học Công nghệ cấp trường 
245 0 |c Lương, Văn Việt 
260 |b Trường Đại học Công nghiệp Tp. Hồ Chí Minh 
260 |c 2017 
650 |a Quản lý môi trường;Chất thải; 
927 |a Đề tài khoa học 
980 |a Trung tâm Thư viện - Trường Đại học Công nghiệp TP. Hồ Chí Minh